Stavebnícka ročenka 1984

Uložené v:
Podrobná bibliografia
Médium: Kniha
Jazyk:Slovak
Vydavateľské údaje: Bratislava Alfa 1983
Edícia:Edícia stavebníckej literatúry
Tagy: Pridať tag
Žiadne tagy, Buďte prvý, kto otaguje tento záznam!

MARC

LEADER 00000nam a2200000 4500
001 c115019
005 20221128071136.4
041 0 |a slo 
044 |a SK 
245 1 0 |a Stavebnícka ročenka 1984 
264 1 |a Bratislava  |b Alfa  |c 1983 
300 |a 314 s. 
490 1 |a Edícia stavebníckej literatúry 
830 0 |a Edícia stavebníckej literatúry